[Event "20th Abu Dhabi Masters 2013"]
[Site "Abu Dhabi UAE"]
[Date "2013.07.06"]
[Round "7.3"]
[White "Oleksienko,M"]
[Black "Rakhmanov,Ale"]
[Result "1/2-1/2"]
[WhiteElo "2568"]
[BlackElo "2602"]

1.e4 d5 2.exd5 Qxd5 3.Nc3 Qd6 4.d4 Nf6 5.Nf3 g6 6.g3 Bg7 7.Bg2 Qa6 8.Bf4 c6
9.a4 O-O 10.a5 Be6 11.Bf1 Bc4 12.Bxc4 Qxc4 13.Qe2 Qxe2+ 14.Kxe2 Na6 15.Ra4 Rfd8
16.Rd1 Rac8 17.Be5 Nd5 18.Bxg7 Kxg7 19.Ne4 Nf6 20.Nxf6 Kxf6 21.Rd3 Kg7 22.h4 Rd5
23.c4 Rd6 24.Re3 e6 25.b4 Rcd8 26.Rb3 Nc7 27.Ra1 R6d7 28.Rd3 h5 29.Rad1 Na6
30.Rb1 Nc7  1/2-1/2

[Event "Styrian Open A 2013"]
[Site "Bad Gleichenberg AUT"]
[Date "2013.07.06"]
[Round "1.9"]
[White "Moser,E"]
[Black "Hatzl,J"]
[Result "1-0"]
[WhiteElo "2446"]
[BlackElo "2121"]

1.e4 d5 2.exd5 Qxd5 3.Nc3 Qd6 4.d4 Nf6 5.Bd3 a6 6.Nge2 Bg4 7.f3 Bh5 8.Bf4 Qd7
9.Ne4 Nxe4 10.Bxe4 c6 11.d5 f5 12.dxc6 Qxd1+ 13.Rxd1 fxe4 14.cxb7 Ra7 15.Bxb8 Rxb7
16.Be5 exf3 17.gxf3 Bxf3 18.Rf1 Bxe2 19.Kxe2 e6 20.c4 Bc5 21.b3 Rf8 22.Rxf8+ Bxf8
23.Bd6 Be7 24.Bxe7 Kxe7 25.Rg1 Kd6 26.Kd3 Rf7 27.Rg2 g6 28.Ke4 Rf1 29.Rd2+ Kc5
30.Ke5 Re1+ 31.Kf6 e5 32.Rd5+ Kb4 33.Rxe5 Rf1+ 34.Ke7 Rf2 35.c5 Rc2 36.Kd6 Rd2+
37.Rd5 Rxa2 38.c6 Rxh2 39.c7 Rc2 40.Rd3  1-0

[Event "Klatov Open A 2013"]
[Site "Klatovy CZE"]
[Date "2013.07.06"]
[Round "8.9"]
[White "Rydl,Jiri"]
[Black "Wolf,Wa"]
[Result "1-0"]
[WhiteElo "2057"]
[BlackElo "2252"]

1.e4 d5 2.exd5 Qxd5 3.Nc3 Qd8 4.d4 Nf6 5.Nf3 Bg4 6.h3 Bxf3 7.Qxf3 c6 8.Be3 e6
9.Be2 Bd6 10.Ne4 Nxe4 11.Qxe4 Nd7 12.O-O Nf6 13.Qf3 Qa5 14.c4 Qf5 15.Qxf5 exf5
16.Bf3 O-O 17.g4 fxg4 18.hxg4 Rfe8 19.Rab1 a5 20.Rbc1 h6 21.Rc3 a4 22.Rd3 Rad8
23.Rc1 Bf8 24.Kg2 Ne4 25.Rdd1 Rc8 26.c5 Nf6 27.Rc4 Ra8 28.Rb4 Ra7 29.Rd3 g5
30.Ra3 Rea8 31.Bd1 b5 32.Bf3 Rc8 33.b3 h5 34.Bxg5 Nh7 35.Bf4 hxg4 36.Bxg4 Re8
37.Bf3 Re6 38.bxa4 Rg6+ 39.Kf1 bxa4 40.Rb6 Bg7 41.Rb8+ Nf8 42.Bd6  1-0

[Event "6th ch-Cent SRB Int 2013"]
[Site "Paracin SRB"]
[Date "2013.07.06"]
[Round "3.29"]
[White "Todic,Z"]
[Black "Petrovic,Mari"]
[Result "1-0"]
[WhiteElo "2275"]
[BlackElo "2104"]

1.e4 d5 2.exd5 Qxd5 3.Nc3 Qd6 4.Bc4 Nf6 5.Nge2 a6 6.d3 e5 7.Ng3 Be6 8.Bxe6 Qxe6
9.O-O Nc6 10.f4 O-O-O 11.f5 Qd7 12.Bg5 Be7 13.Kh1 h5 14.Bxf6 gxf6 15.Nxh5 Nd4
16.Ne4 Nxf5 17.Qg4 Ne3 18.Qxd7+ Rxd7 19.Nhxf6 Nxf1 20.Rxf1 Rdd8 21.Rf5 Rh6
22.g3 Bd6 23.h4 Rg6 24.h5 Rh8 25.Kg2 Rg7 26.Kf3 Kd8 27.g4 Ke7 28.c4 b6 29.Ng5 Kd8  1-0

[Event "20th Abu Dhabi Masters 2013"]
[Site "Abu Dhabi UAE"]
[Date "2013.07.07"]
[Round "9.2"]
[White "Kurnosov,I"]
[Black "Rakhmanov,Ale"]
[Result "1-0"]
[WhiteElo "2657"]
[BlackElo "2602"]

1.e4 d5 2.exd5 Qxd5 3.Nc3 Qd6 4.d4 Nf6 5.Nf3 g6 6.Ne5 Bg7 7.Bf4 Nd5 8.Nxd5 Qxd5
9.f3 O-O 10.Bc4 Qa5+ 11.Qd2 Qxd2+ 12.Kxd2 Nd7 13.Rae1 e6 14.c3 Nb6 15.Bb3 a5
16.a3 a4 17.Ba2 Nd5 18.Bxd5 exd5 19.Nd3 c6 20.g4 Be6 21.h4 Rfe8 22.h5 b6
23.Bc7 b5 24.Nc5 Bh6+ 25.Kd1 g5 26.Be5 Bf8 27.h6 Bxc5 28.dxc5 d4 29.cxd4 Bb3+
30.Kd2 Re6 31.Bg7 Rae8 32.Re5 Bd5 33.Ke3 f6 34.Bxf6 Bxf3 35.Rh5 Kf7 36.Rxg5 Bd5
37.Rg7+  1-0

[Event "V4 Int Open ch-SVK 2013"]
[Site "Banska Stiavnica SVK"]
[Date "2013.07.07"]
[Round "2.33"]
[White "Kalisky,V"]
[Black "Milcova,Z"]
[Result "1/2-1/2"]
[WhiteElo "2195"]
[BlackElo "2061"]

1.e4 d5 2.exd5 Qxd5 3.Nc3 Qd6 4.d4 Nf6 5.Nge2 c6 6.Bf4 Qd8 7.Ng3 g6 8.Qd2 Bg7
9.Bc4 Nbd7 10.O-O O-O 11.Rad1 Nb6 12.Bb3 Nbd5 13.Nxd5 cxd5 14.Rfe1 e6 15.Be5 Bd7
16.Qf4 Rc8 17.c3 Bb5 18.Bc2 Ne8 19.Bxg7 Nxg7 20.Qh6 Re8 21.Re3 Qe7 22.Rde1 Qf8
23.a3 a5 24.h4 Re7 25.Qf4 h5 26.Qf6 Rec7 27.Qg5 Qd8 28.Qf4 Be8 29.Nf1 b5
30.Bd3 Rb8 31.Nd2 b4 32.cxb4 axb4 33.Nf3 bxa3 34.bxa3 Rc3 35.Qh6 Nf5 36.Bxf5 Rxe3
37.Rxe3 exf5 38.Re5 Qf6 39.Ng5 Bc6 40.Re7 Rb7 41.Rxb7 Bxb7 42.Nf3 Ba6 43.Qe3 Bb5
44.Qf4 Qc6 45.Kh2 f6 46.Qb8+ Kf7 47.Qa7+ Ke6 48.Qg7 Qd6+ 49.Kh1 Be8 50.Qa7 Qc6
51.Qa5 f4 52.Qb4 Kf5 53.Qb1+ Ke6 54.Kh2 Qd6 55.Qc1 Kf7 56.Qc3 Bd7 57.Kg1 Bg4
58.Nd2 Bd7 59.Qb4 Qe6 60.Nf3 Qc6 61.Qb8 Qc1+ 62.Kh2 Qxa3 63.Qxf4 Bf5 64.Qc7+ Qe7
65.Qxe7+ Kxe7 66.Kg3 Ke6 67.Kf4 Bd3 68.Nd2 Bc2 69.f3 Ba4 70.Nf1 Be8 71.Ne3 Bf7
72.g4 Be8 73.g5 f5 74.Ng2 Kd6 75.Ke3 Bf7 76.Nf4 Kc6 77.Kd2 Kb5 78.Kc3 Ka4
79.Nd3 Be8 80.Nb4 Bf7 81.Nc6 Be8 82.Ne7 Bf7 83.Nc8 Be6 84.Ne7 Bf7 85.Kd3 Kb3
86.Nc6 Be8 87.Ne5 Kb2  1/2-1/2

[Event "St. Pauli Open 2013"]
[Site "Hamburg GER"]
[Date "2013.07.07"]
[Round "2.2"]
[White "Huschenbeth,N"]
[Black "Bureik,M"]
[Result "1-0"]
[WhiteElo "2542"]
[BlackElo "2137"]

1.e4 d5 2.exd5 Qxd5 3.Nc3 Qd6 4.d4 Nf6 5.Nf3 a6 6.g3 c6 7.Bf4 Qd8 8.Bg2 Bg4
9.h3 Bxf3 10.Qxf3 e6 11.O-O-O Bd6 12.Be5 O-O 13.Kb1 Qe7 14.g4 Nbd7 15.Qg3 Bb8
16.Rhe1 Nd5 17.Nxd5 cxd5 18.Bxb8 Raxb8 19.Bxd5 Qb4 20.Bb3 a5 21.a3 Qb5 22.d5 exd5
23.Rxd5 Nc5 24.Rf5 Rbc8 25.Qd6 b6 26.Bxf7+ Rxf7 27.Rxf7 Kxf7 28.Qd5+  1-0

[Event "Karvina Open 2013"]
[Site "Karvina CZE"]
[Date "2013.07.07"]
[Round "9.20"]
[White "Sawicki,M"]
[Black "Havelka,Ondrej"]
[Result "1-0"]
[WhiteElo "2024"]
[BlackElo "1636"]

1.e4 d5 2.exd5 Qxd5 3.Nc3 Qd6 4.d4 c6 5.g3 Nf6 6.Bg2 Bf5 7.Nge2 e6 8.O-O Be7
9.Bf4 Qd8 10.Na4 Nbd7 11.c4 O-O 12.Nac3 Re8 13.h3 h6 14.g4 Bh7 15.Re1 Nf8
16.Qb3 Qb6 17.Qxb6 axb6 18.a3 Bd3 19.d5 Rec8 20.dxc6 bxc6 21.Nd4 Bc5 22.Nxc6 Bxc4
23.b4 Nd5 24.Nxd5 Bxd5 25.bxc5 Rxc6 26.cxb6 Rxb6 27.Bxd5 exd5 28.Red1 Ne6
29.Be3 Rba6 30.Rxd5 Rxa3 31.Rxa3 Rxa3 32.Rd7 Ra8 33.Kg2 g5 34.h4 Kg7 35.h5 Ra4
36.Kg3 Ra3 37.Rb7 Nc5 38.Rb8 Ne4+ 39.Kg2 Nf6 40.Bd4 Ra6 41.Bb2 Kh7 42.Kf1 Re6
43.f3 Kg7 44.Kf2 Ra6 45.Kg3 Rd6 46.f4 Rd3+ 47.Kg2 Rd6 48.Rb5 gxf4 49.Kf3 Re6
50.Rf5 Rb6 51.Be5 Re6 52.Kxf4 Rb6 53.Rxf6 Rxf6+ 54.Ke4 Kh7 55.Bxf6 Kg8 56.Kd5 Kf8
57.Kd6 Kg8 58.Kd7 Kf8 59.Bd4 Kg8 60.Ke7 Kh7 61.Kf6 Kg8 62.Be3 Kh7 63.Kxf7 Kh8
64.Bxh6 Kh7 65.g5 Kh8 66.Bf8 Kh7 67.g6+ Kh8 68.Bg7+  1-0

[Event "Commonwealth & RSA Open"]
[Site "Port Elizabeth RSA"]
[Date "2013.07.07"]
[Round "3.25"]
[White "Ashwini,U"]
[Black "Pranav,V"]
[Result "0-1"]
[WhiteElo "1880"]
[BlackElo "2214"]

1.e4 d5 2.exd5 Qxd5 3.Nc3 Qd6 4.d4 Nf6 5.Bc4 a6 6.a4 Bg4 7.f3 Bf5 8.Nge2 e6
9.Bf4 Qd7 10.Ng3 Bg6 11.h4 Bd6 12.Nce2 h6 13.h5 Bh7 14.c3 Nc6 15.b4 O-O 16.Qb3 Bxf4
17.Nxf4 Nxd4 18.cxd4 Qxd4 19.Nxe6 Qxa1+ 20.Kf2 Ng4+ 21.Ke2 Qe5+ 22.Kd2 Qxg3
23.Nxf8 Qxg2+  0-1

[Event "41st TCh-GRE"]
[Site "Rio (Achaia) GRE"]
[Date "2013.07.07"]
[Round "7.5"]
[White "Markantonaki,H"]
[Black "Alexiou,Andromahi"]
[Result "1-0"]
[WhiteElo "2150"]
[BlackElo "1769"]

1.e4 d5 2.exd5 Qxd5 3.Nc3 Qd6 4.d4 Nf6 5.Nf3 a6 6.g3 Nc6 7.Bg2 Bf5 8.O-O O-O-O
9.d5 Nb4 10.Bf4 Qb6 11.Ne5 Bxc2 12.Qe2 Bg6 13.Nxg6 hxg6 14.Rac1 Rd7 15.a3 Nbxd5
16.Nxd5 Nxd5 17.Bxd5 e6 18.Bg2 Be7 19.Rc2 g5 20.Be3 Qa5 21.Qf3 Qd5 22.Qxf7 Qd3
23.Qf3 Qd5 24.Rd2 Qxf3 25.Bxf3 Rxd2 26.Bxd2 Bf6 27.Bc3 Rd8 28.Rd1 Rxd1+ 29.Bxd1 Bxc3
30.bxc3 b5 31.Kg2 Kd7 32.Kf3 Kd6 33.Kg4 Kc5 34.Bb3  1-0

[Event "Styrian Open A 2013"]
[Site "Bad Gleichenberg AUT"]
[Date "2013.07.08"]
[Round "3.23"]
[White "Windhager,Hannes"]
[Black "Notegger,P"]
[Result "1-0"]
[WhiteElo "2090"]
[BlackElo "1941"]

1.e4 d5 2.exd5 Qxd5 3.Nc3 Qd6 4.d4 Nf6 5.Nf3 a6 6.Bd3 Bg4 7.h3 Bh5 8.Ne4 Nxe4
9.Bxe4 c6 10.O-O e6 11.c3 Nd7 12.Qb3 O-O-O 13.Nd2 Qc7 14.Nc4 f6 15.f4 Be2
16.Re1 Bxc4 17.Qxc4 Bd6 18.Bf3 Nf8 19.b4 Bxf4 20.Bxf4 Qxf4 21.a4 Qc7 22.Qe2 Kb8
23.b5 a5 24.bxc6 bxc6 25.Qa6  1-0

[Event "IsBank TCh-TUR 2013"]
[Site "Denizli TUR"]
[Date "2013.07.08"]
[Round "11.9"]
[White "Percin,Onder"]
[Black "Sevgi,V"]
[Result "0-1"]
[WhiteElo "1772"]
[BlackElo "2005"]

1.e4 d5 2.exd5 Qxd5 3.Nc3 Qd6 4.d3 Nf6 5.Nf3 a6 6.g3 b5 7.Bg2 Bb7 8.O-O e6
9.Bf4 Qb6 10.a4 Bd6 11.a5 Qa7 12.Be3 c5 13.Ne4 Be7 14.Nxf6+ gxf6 15.b4 Nc6
16.c3 Rd8 17.Qe2 Qa8 18.bxc5 Ne5 19.Ne1 Bxg2 20.Nxg2 Nf3+ 21.Kh1 h5 22.h4 Rg8
23.Rg1 Rg4 24.Raf1 Qd5 25.Nf4 Rxf4 26.Bxf4 e5 27.Bc1 f5 28.Rg2 Qxd3 29.Qxd3 Rxd3
30.Be3 Rxc3 31.Rc1 Rxc1+ 32.Bxc1 Bxc5 33.Be3 Bd4 34.Bd2 Nxd2 35.f4 Nc4 36.Rc2 e4
37.Ra2 Kd7 38.Kg2 b4 39.Ra4 Bc3 40.Kf1 b3 41.Rxc4 b2  0-1

[Event "VIII Wroclaw Open A 2013"]
[Site "Wroclaw POL"]
[Date "2013.07.08"]
[Round "8.5"]
[White "Cukrowski,F"]
[Black "Grela,K"]
[Result "1/2-1/2"]
[WhiteElo "2175"]
[BlackElo "2003"]

1.e4 d5 2.exd5 Qxd5 3.Nc3 Qd6 4.d4 Nf6 5.Nf3 c6 6.Ne5 Nbd7 7.Bf4 Nd5 8.Nxd5 Qxd5
9.Qd3 Nxe5 10.dxe5 Qxd3 11.Bxd3 Be6 12.Be3 g6 13.O-O Bg7 14.f4 f6 15.exf6 Bxf6
16.Rae1 Bf5 17.Bxf5 gxf5 18.c3 Kf7 19.Rd1 Rhd8 20.Kf2 b6 21.a4 Rab8 22.Ke2 Rd6
23.Rxd6 exd6 24.Kf3 h5 25.Rd1 d5 26.Bd4 Bxd4 27.cxd4 c5 28.dxc5 bxc5 29.Rxd5 Rb3+
30.Kf2 Rxb2+ 31.Kg3 Ra2 32.Rxf5+ Kg6 33.Rg5+ Kh6 34.Rxc5 Rxa4 35.Rc6+ Kg7
36.h3 Ra2 37.Rc3 a5 38.Kf3 h4 39.Rc5 a4 40.Rg5+ Kf6 41.Rg4 Ra3+ 42.Kf2 Ra2+
43.Kf3 Ra3+ 44.Ke4 Rg3 45.Kd4 Kf5  1/2-1/2

[Event "VIII Wroclaw Open A 2013"]
[Site "Wroclaw POL"]
[Date "2013.07.08"]
[Round "8.9"]
[White "Kanicki,K"]
[Black "Stepien,Marc"]
[Result "1/2-1/2"]
[WhiteElo "1964"]
[BlackElo "2184"]

1.e4 d5 2.exd5 Qxd5 3.Nc3 Qd6 4.d4 Nf6 5.Nf3 c6 6.Ne5 Nbd7 7.Nc4 Qc7 8.Qf3 Nb6
9.Bf4 Qd7 10.Be5 Nbd5 11.Bxf6 gxf6 12.Nxd5 Qxd5 13.Qxd5 cxd5 14.Ne3 e6 15.Bd3 Bd7
16.c3 b5 17.a3 Bd6 18.g3 O-O 19.f4 f5 20.Kd2 Kg7 21.Rhe1 h5 22.Ng2 a5 23.b4 Ra7
24.Kc2 Rc8 25.Kb2 Rac7 26.Rac1 Kh6 27.Nh4 Bf8 28.Nf3 f6 29.Kb3 Bd6 30.Red1 Rg8
31.Rf1 Ra8 32.Kb2 Rca7 33.Ra1 Bc7 34.Rfe1 Rc8 35.Rac1 Bd6  1/2-1/2

[Event "Styrian Open A 2013"]
[Site "Bad Gleichenberg AUT"]
[Date "2013.07.09"]
[Round "4.7"]
[White "Poetz,F"]
[Black "Vatter,H"]
[Result "1/2-1/2"]
[WhiteElo "2429"]
[BlackElo "2301"]

1.e4 d5 2.exd5 Qxd5 3.Nc3 Qd6 4.d4 Nf6 5.Nf3 c6 6.Ne5 Nbd7 7.Nc4 Qc7 8.Qf3 Nb6
9.Bf4 Qd8 10.Be5 Be6 11.Nxb6 Qxb6 12.Bxf6 exf6 13.d5 Bxd5 14.Nxd5 cxd5 15.O-O-O O-O-O
16.Rxd5 Rxd5 17.Qxd5 Bc5 18.Bc4 Bxf2 19.Qxf7 Qc7 20.Qxc7+  1/2-1/2

[Event "36th Barbera Open"]
[Site "Barbera del Valles ESP"]
[Date "2013.07.09"]
[Round "6.12"]
[White "Satyapragyan,S"]
[Black "Sanchez Guirado,F"]
[Result "1-0"]
[WhiteElo "2464"]
[BlackElo "2339"]

1.e4 d5 2.exd5 Qxd5 3.Nc3 Qd6 4.d4 Nf6 5.Nf3 c6 6.Ne5 Nbd7 7.f4 Nb6 8.Be2 g6
9.O-O Bg7 10.Kh1 O-O 11.Be3 Be6 12.Qe1 Rad8 13.Nd1 Nbd5 14.Bg1 Nb4 15.Ne3 Nfd5
16.N3c4 Qc7 17.Bd1 b5 18.Ne3 Nxe3 19.Qxe3 Nd5 20.Qg3 Bf5 21.c3 f6 22.Ng4 h5
23.Ne3 Nxe3 24.Bxe3 Kh7 25.Bb3 Bh6 26.Rae1 Rd7 27.Bc1 c5 28.dxc5 Qxc5 29.Be3 Qc6
30.Bd4 a5 31.a3 b4 32.axb4 axb4 33.Ra1 bxc3 34.Ba4 cxb2 35.Bxc6 Rxd4 36.Rae1 Rc4
37.Bd5 Bxf4 38.Qa3  1-0

[Event "IsBank TCh-TUR 2013"]
[Site "Denizli TUR"]
[Date "2013.07.09"]
[Round "12.8"]
[White "Alev,G"]
[Black "Mutlu,Beste"]
[Result "1/2-1/2"]
[WhiteElo "1589"]
[BlackElo "1645"]

1.e4 d5 2.exd5 Qxd5 3.Nc3 Qd6 4.d4 c6 5.Nf3 Bg4 6.h3 Bxf3 7.Qxf3 Nf6 8.Bf4 Qd8
9.O-O-O g6 10.Bc4 Bg7 11.g4 O-O 12.Rhg1 Nbd7 13.h4 Nb6 14.Bd3 Nfd5 15.Nxd5 Qxd5
16.Qxd5 Nxd5 17.Be5 Bxe5 18.dxe5 Rad8 19.Rge1 Nf4 20.Bf1 Kg7 21.f3 h6 22.a3 a6
23.Re4 Rxd1+ 24.Kxd1 Rd8+ 25.Kc1 Ne6 26.Bc4 Nc5 27.Re3 Rd4 28.Ba2 Rd8 29.b4 Na4
30.Rd3 Rxd3 31.cxd3 Nc3 32.Bb3 Ne2+ 33.Kd2 Nd4 34.Bd1 Nb5 35.a4 Nc7 36.Bb3 Kf8
37.Ke3 e6 38.Kd4 b6 39.f4 Ke7 40.Ke4 Nd5 41.Bxd5 cxd5+ 42.Kd4 Kd7 43.b5 axb5
44.axb5  1/2-1/2

[Event "23rd Heart of FIN"]
[Site "Jyvaskyla FIN"]
[Date "2013.07.09"]
[Round "2.15"]
[White "Karasev,Vl"]
[Black "Marinc,D"]
[Result "1-0"]
[WhiteElo "2358"]
[BlackElo "2054"]

1.e4 d5 2.exd5 Qxd5 3.Nc3 Qd6 4.d4 Nf6 5.Nf3 a6 6.Bg5 Bg4 7.h3 Bh5 8.Qe2 Nc6
9.O-O-O h6 10.Bxf6 gxf6 11.Kb1 f5 12.d5 Nb8 13.Qc4 Bg7 14.g4 b5 15.Qd3 fxg4
16.hxg4 Bxg4 17.Bh3 Bxh3 18.Rxh3 Nd7 19.Nd4 Qc5 20.Ne6 fxe6 21.Qg6+ Kf8 22.Rf3+ Kg8
23.Qxe6+ Kh7 24.Qf5+ Kg8 25.Qxd7 Qd6 26.Qg4 Qe5 27.Re3 Qf6 28.Re6 Qf7 29.Rg1 Kf8
30.Ne4 Rd8 31.Rxa6 Rg8 32.Nc5 Qxd5 33.Ne6+ Ke8  1-0

[Event "23rd Heart of FIN"]
[Site "Jyvaskyla FIN"]
[Date "2013.07.09"]
[Round "2.15"]
[White "Karasev,Vl"]
[Black "Marinc,D"]
[Result "1-0"]
[WhiteElo "2358"]
[BlackElo "2054"]

1.e4 d5 2.exd5 Qxd5 3.Nc3 Qd6 4.d4 Nf6 5.Nf3 a6 6.Bg5 Bg4 7.h3 Bh5 8.Qe2 Nc6
9.O-O-O h6 10.Bxf6 gxf6 11.Kb1 f5 12.d5 Nb8 13.Qc4 Bg7 14.g4 b5 15.Qd3 fxg4
16.hxg4 Bxg4 17.Bh3 Bxh3 18.Rxh3 Nd7 19.Nd4 Qc5 20.Ne6 fxe6 21.Qg6+ Kf8 22.Rf3+ Kg8
23.Qxe6+ Kh7 24.Qf5+ Kg8 25.Qxd7 Qd6 26.Qg4 Qe5 27.Re3 Qf6 28.Re6 Qf7 29.Rg1 Kf8
30.Ne4 Rd8 31.Rxa6 Rg8 32.Nc5 Qxd5 33.Ne6+ Kf7  1-0

[Event "6th d'Ille et Vilaine 2013"]
[Site "Rennes FRA"]
[Date "2013.07.09"]
[Round "5.4"]
[White "Alanic,X"]
[Black "Milchev,N"]
[Result "1-0"]
[WhiteElo "2263"]
[BlackElo "2433"]

1.e4 d5 2.exd5 Qxd5 3.Nc3 Qd6 4.d4 Nf6 5.Nf3 a6 6.g3 b5 7.Bg2 Bb7 8.O-O e6
9.Bf4 Qb6 10.a4 b4 11.a5 Qa7 12.Bxc7 Bxf3 13.Qxf3 Qxc7 14.Nb5 Qd7 15.Qxa8 Qxb5
16.Bc6+ Qxc6 17.Qxb8+ Kd7 18.c4 bxc3 19.bxc3 Rg8 20.Qa7+ Kc8 21.Rab1 Nd7
22.Rb3 Bd6 23.Rfb1 Bc7 24.Rb7 Nf6 25.Rxc7+ Qxc7 26.Qxa6+ Kd8 27.Rb7 Qxc3
28.Qd6+  1-0

[Event "Styrian Open A 2013"]
[Site "Bad Gleichenberg AUT"]
[Date "2013.07.10"]
[Round "5.10"]
[White "Vatter,H"]
[Black "Wukits,R"]
[Result "1/2-1/2"]
[WhiteElo "2301"]
[BlackElo "2269"]

1.e4 d5 2.exd5 Qxd5 3.Nc3 Qd6 4.d4 Nf6 5.Nf3 Bg4 6.h3 Bh5 7.g4 Bg6 8.Ne5 Nd5
9.Bg2 c6 10.f4 Nb4 11.f5 f6 12.Nxg6 hxg6 13.a3 Qg3+ 14.Kf1 Nd5 15.fxg6 Nf4
16.Bxf4 Qxf4+ 17.Qf3 Qxd4 18.Rd1 Qc4+ 19.Rd3 Nd7 20.Qe4 Ne5 21.Qxc4 Nxc4
22.Nd1 Ne5 23.Rd2 Nxg6 24.Nf2 Rd8 25.Rxd8+ Kxd8 26.Nd3 e6 27.Be4 Nh4 28.Nf4 Kd7
29.Ng6 Nxg6 30.Bxg6 Rh6 31.Bd3 g5 32.Kg2 Bd6 33.a4 Rh8 34.b3 Ke7 35.Be4 Be5
36.Rd1 Rf8 37.Bd3 a5 38.Be2 Bc7 39.Bf3 Rd8 40.Rxd8 Bxd8 41.Be4 Kd6 42.Bd3 Ke5
43.Bc4 f5 44.gxf5 exf5 45.Kf3 Kd4 46.Bd3 Ke5 47.Be2 Bb6 48.Bd3 Bc5 49.Be2 Bb4
50.Bd3 Be1 51.Bc4 Bh4 52.Bd3 Ke6 53.Bc4+ Kf6 54.Bf1 Ke6 55.Bc4+ Kd6 56.Bd3 f4
57.Ke2 Kd5 58.Bc4+ Kc5 59.Bd3 b5 60.Be4 Kb6 61.Kd3 Kc5 62.Bf3 Kd6 63.Bg2 Bf2
64.Bf3 Kc5  1/2-1/2

[Event "Commonwealth & RSA Open"]
[Site "Port Elizabeth RSA"]
[Date "2013.07.10"]
[Round "7.3"]
[White "Kiran,M"]
[Black "Tiviakov,S"]
[Result "0-1"]
[WhiteElo "2259"]
[BlackElo "2654"]

1.e4 d5 2.exd5 Qxd5 3.Nc3 Qd6 4.d4 c6 5.Nf3 Bg4 6.Be3 e6 7.h3 Bh5 8.g4 Bg6
9.Qd2 Nf6 10.Ne5 Nbd7 11.Nxd7 Qxd7 12.a3 Bd6 13.Bd3 Bc7 14.O-O-O Ba5 15.Bxg6 hxg6
16.Qd3 Bxc3 17.Qxc3 Qd5 18.Qb4 b5 19.g5 Ne4 20.Kb1 a5 21.Qe1 Nxg5 22.Bxg5 Qxg5
23.Rd3 Qd5 24.Rg1 Rh5 25.Rg4 Kf8 26.Re4 Qd6 27.Re5 Rh4 28.Qe3 Rd8 29.Re4 Rxe4
30.Qxe4 Qd5 31.Qe1 a4 32.Qa5 Kg8 33.Qe1 Kh7 34.Qe3 Qh1+ 35.Ka2 Rd5 36.Qf4 Rf5
37.Qh4+ Rh5 38.Qf4 Qd5+ 39.Ka1 Rf5 40.Qh4+ Kg8 41.f4 g5 42.fxg5 Rf1+  0-1

[Event "6th d'Ille et Vilaine 2013"]
[Site "Rennes FRA"]
[Date "2013.07.10"]
[Round "6.10"]
[White "Le Goff,D"]
[Black "Deceneux,Christophe"]
[Result "1-0"]
[WhiteElo "2236"]
[BlackElo "1717"]

1.e4 d5 2.exd5 Qxd5 3.Nc3 Qd6 4.d4 Nf6 5.Nf3 Bg4 6.h3 Bxf3 7.Qxf3 c6 8.Be3 g6
9.Bc4 Nbd7 10.O-O e6 11.Bb3 Bg7 12.Rad1 O-O 13.Bf4 Qb4 14.Nb1 a5 15.a3 Qb6
16.Nc3 Nd5 17.Na4 Qa7 18.Bd6 Rfc8 19.Qd3 b5 20.Nc5 Nxc5 21.Bxc5 Qd7 22.Rfe1 Nc7
23.Qg3 Rd8 24.c3 a4 25.Bc2 Rab8 26.Qh4 Re8 27.Qf4 Red8 28.Qh4 Re8 29.Bb4 Na6
30.Ba5 Ra8 31.Qg3 Rec8 32.f4 Nc7 33.Bxc7 Qxc7 34.Qf3 Qd6 35.Be4 Ra7 36.g3 Rac7
37.Kg2 Qd8 38.Kf2 Qf6 39.Rd2 Bf8 40.Red1 Bd6 41.Kg2 Kg7 42.Rc1 h5 43.h4 Qe7
44.c4 Qd7 45.Rcd1 bxc4 46.Rc1 Qe8 47.Rxc4 c5 48.d5 exd5 49.Bxd5 Be7 50.f5 Bf6
51.fxg6 fxg6 52.Re4 Qb5 53.Re6 Rf8 54.Rf2 Rcf7 55.Rd6 Qb8 56.Rc6 Bd4 57.Bxf7 Bxf2
58.Rxg6+  1-0

[Event "2nd Ideon Andron Open 2013"]
[Site "Anogia GRE"]
[Date "2013.07.12"]
[Round "4.10"]
[White "Tolias,Fotis"]
[Black "Iordanidou,Z"]
[Result "1/2-1/2"]
[WhiteElo "1749"]
[BlackElo "2122"]

1.e4 d5 2.exd5 Qxd5 3.Nc3 Qd6 4.Nb5 Qd8 5.Nf3 a6 6.Nc3 Nf6 7.Bc4 Bf5 8.O-O e6
9.d4 Be7 10.h3 O-O 11.Be3 Nc6 12.Qe2 Bb4 13.Nb1 Nd5 14.c3 Bd6 15.Nbd2 Nf4
16.Bxf4 Bxf4 17.Ne4 Qe7 18.Rfe1 Rfe8 19.Qf1 Qf8 20.Nh4 Bxe4 21.Rxe4 Bg5 22.Nf3 Bf6
23.Rae1 Red8 24.Bb3 Na5 25.Bc2 c5 26.Rf4 c4 27.Qe2 Qe7 28.Ne5 Bxe5 29.Qxe5 Nc6
30.Qh5 g6 31.Qh6 Qf8 32.Qg5 Qe7 33.Qh6 Qf8 34.Qg5 Qe7 35.Qh6  1/2-1/2

[Event "St. Pauli Open 2013"]
[Site "Hamburg GER"]
[Date "2013.07.12"]
[Round "7.20"]
[White "Kuegel,T"]
[Black "Bureik,M"]
[Result "1/2-1/2"]
[WhiteElo "2106"]
[BlackElo "2137"]

1.e4 d5 2.exd5 Qxd5 3.Nc3 Qd6 4.d4 Nf6 5.Nf3 a6 6.h3 g6 7.Bd3 Bg7 8.Ne4 Nxe4
9.Bxe4 Nd7 10.c3 Nf6 11.Bc2 b5 12.O-O Bb7 13.Qe2 O-O 14.Ng5 Rae8 15.Re1 c5
16.dxc5 Qxc5 17.Be3 Qc6 18.Qf3 Qc8 19.Ne4 Nd5 20.Qe2 Nxe3 21.Qxe3 b4 22.Ba4 Rd8
23.Rac1 bxc3 24.Nxc3 Qa8 25.Qg3 Rd2 26.Rc2 Rd4 27.Rd1 e5 28.Bb3 a5 29.Re2 Kh8
30.Bc2 Rfd8 31.Rde1 Rd2 32.Be4 f6 33.Qf3 Bxe4 34.Qxe4 Qxe4 35.Nxe4 Rxe2 36.Rxe2 Rd1+
37.Kh2 f5 38.Nc3 Rd4 39.f3 Kg8 40.g3 Kf7 41.Kg2 a4 42.Kf2 Rc4 43.Nd1 Rc1
44.Re1 e4 45.fxe4 fxe4 46.Kf1 Ra1 47.a3 Rb1 48.Ne3 Rxb2 49.Nc4 Rb3 50.Rxe4 Bf8
51.Ne5+ Kg7 52.Rxa4 Rxa3 53.Rxa3 Bxa3  1/2-1/2

[Event "23rd Heart of FIN"]
[Site "Jyvaskyla FIN"]
[Date "2013.07.12"]
[Round "7.13"]
[White "Ebeling,D"]
[Black "Grinberg,I"]
[Result "1/2-1/2"]
[WhiteElo "2379"]
[BlackElo "2138"]

1.e4 d5 2.exd5 Qxd5 3.Nc3 Qd6 4.d4 Nf6 5.Nf3 g6 6.Nb5 Qb6 7.c4 c6 8.Nc3 Bg7
9.h3 Bf5 10.g4 Bc8 11.Bg2 Be6 12.d5 cxd5 13.cxd5 Bd7 14.O-O O-O 15.Be3 Qxb2
16.Bd4 Ne8 17.Rb1 Qa3 18.Rxb7 Nd6 19.Rb3 Qa5 20.Re1 Re8 21.Bxg7 Kxg7 22.Qd4+ Kg8
23.Ne5 Qc7 24.Ne2 a5 25.Rc1 Qa7 26.Qxa7 Rxa7 27.Rcb1 Na6 28.Nd4 Nc5 29.Rc3 Nce4
30.Re3 Nc5 31.Rc1 Na6 32.Ra3 Nb8 33.Rc5 a4 34.Ndc6 Nxc6 35.Nxd7 Nd4 36.Ne5 Ne2+
37.Kh2 Nf4 38.Nc6 Ra6 39.Bf1 Raa8 40.Kg3 Ne4+ 41.Kxf4 Nxc5 42.Bb5 Kf8 43.Ke5 Nb7
44.Nd4 Reb8 45.Rxa4 Nc5 46.Rc4 Nd3+ 47.Ke4 Nb2 48.Rc2 Rxa2 49.f4 Nd1 50.Rxa2 Nc3+
51.Kd3 Nxa2 52.Kc4 Nc1 53.h4 Ra8 54.Kc3 Ra2 55.Nc2 Ra5 56.Nd4 Rxb5 57.Nxb5 Ne2+
58.Kd3 Nxf4+ 59.Ke4 Ng2 60.h5 gxh5 61.gxh5 Kg7 62.d6 exd6 63.Nxd6 Kf6 64.Kf3 Ne1+
65.Ke4 Nc2 66.Kf4 Nd4 67.Ne4+ Kg7 68.Kg5 h6+ 69.Kf4 Nc6 70.Ng3 Nd8 71.Nf5+ Kh7
72.Ke5 Ne6 73.Kf6  1/2-1/2

[Event "23rd Heart of FIN"]
[Site "Jyvaskyla FIN"]
[Date "2013.07.12"]
[Round "7.14"]
[White "Ristoja,S"]
[Black "Pohjala,H"]
[Result "0-1"]
[WhiteElo "2100"]
[BlackElo "2338"]

1.e4 d5 2.exd5 Qxd5 3.Nc3 Qd6 4.d4 Nf6 5.Nf3 c6 6.Ne5 Nbd7 7.Bf4 Nxe5 8.dxe5 Qb4
9.Bd2 Ne4 10.Nd5 Qxd2+ 11.Qxd2 Nxd2 12.Nc7+ Kd8 13.Nxa8 Nxf1 14.O-O-O+ Bd7
15.e6 fxe6 16.Rhxf1 g6 17.Rd3 Bh6+ 18.Kb1 Kc8 19.Rfd1 Rd8 20.Ra3 Kb8 21.Rf3 b6
22.h4 Bg7 23.Re3 Bf6 24.g3 c5 25.Red3 Kc8 26.Ra3 Kb7 27.Rad3 Kc6 28.a4 Be5
29.a5 b5 30.Nb6 axb6 31.a6 Bd6 32.a7 e5 33.h5 gxh5 34.Rh1 c4 35.Re3 Bf5 36.Rxh5 Bg6
37.Rhxe5 Bxe5 38.Rxe5 Kb7 39.Rxe7+ Ka6 40.g4 b4 41.f4 b3 42.a8=Q+ Rxa8 43.f5 Re8  0-1

[Event "6th ch-Cent SRB Int 2013"]
[Site "Paracin SRB"]
[Date "2013.07.12"]
[Round "9.38"]
[White "Lazov,Toni"]
[Black "Petrovic,Mari"]
[Result "1/2-1/2"]
[WhiteElo "1921"]
[BlackElo "2104"]

1.e4 d5 2.exd5 Qxd5 3.Nc3 Qd6 4.d4 a6 5.Nf3 Nf6 6.g3 b5 7.Bg2 Bb7 8.O-O e6
9.Re1 Nbd7 10.Bf4 Qb6 11.d5 O-O-O 12.dxe6 fxe6 13.Qe2 Bc5 14.Ng5 e5 15.Be3 Rde8
16.a4 Bxg2 17.Kxg2 b4 18.Nce4 Bxe3 19.Qxe3 Rhf8 20.Qxb6 Nxb6 21.a5 Nc4 22.Ra4 h6
23.Rxb4 Nxa5 24.Nf3 Nb7 25.Ra4 Re6 26.Nxf6 gxf6 27.Rea1 Kd7 28.Rxa6 Rxa6
29.Rxa6 Nd6 30.b3 Rb8 31.Nd2 Rb6 32.Ra4 Nf5 33.Ne4 Nd4 34.Rc4 f5 35.Nc5+ Kd6
36.f4 Nc6 37.Na4 Rb8 38.fxe5+ Nxe5 39.Rf4 Ng4 40.Kh3 Ne3 41.Rf2 Rg8 42.Re2 Nd5
43.Nb2 f4 44.c4 Nc3 45.Rd2+ Ke6 46.gxf4 Kf5 47.Rg2 Rb8 48.Rg3 Ne2 49.Re3 Nxf4+
50.Kg3 Rg8+ 51.Kf3 Ne6 52.Kf2 Rb8 53.Rf3+ Kg5 54.Rg3+ Kf5 55.Rf3+ Kg5 56.Rd3 Kf6
57.Rh3 Kg5 58.Re3 Nd4 59.Nd1 Nxb3 60.Nc3 Nd4 61.Rg3+ Kf5 62.Ke3 c5 63.Rh3 Kg6
64.Ke4 Rd8 65.Rg3+ Kf7 66.Rh3  1/2-1/2

[Event "6th ch-Cent SRB Int 2013"]
[Site "Paracin SRB"]
[Date "2013.07.12"]
[Round "9.7"]
[White "Nestorovic,L"]
[Black "Kasparov,S"]
[Result "0-1"]
[WhiteElo "2394"]
[BlackElo "2470"]

1.e4 d5 2.exd5 Qxd5 3.Nc3 Qd6 4.g3 Nf6 5.Bg2 c6 6.Nge2 Bf5 7.d3 e6 8.O-O Be7
9.b3 O-O 10.Bb2 Nbd7 11.Qd2 h6 12.Rad1 Qc7 13.Ne4 Bxe4 14.Bxe4 Nxe4 15.dxe4 Rfd8
16.Qe3 Bf6 17.Bxf6 Nxf6 18.f3 e5 19.Kg2 Nd7 20.Rd2 Nf8 21.Rfd1 Rxd2 22.Rxd2 Ne6
23.c3 Qb6 24.Kf2 Kf8 25.Nc1 Ke7 26.Ke2 Qxe3+ 27.Kxe3 f6 28.Ne2 a5 29.Nc1 Nc5
30.Nd3 Nd7 31.Nb2 b5 32.c4 a4 33.cxb5 axb3 34.axb3 cxb5 35.Nd3 Ra3 36.Rb2 Kd6
37.Kd2 Nc5 38.Nxc5 Kxc5 39.Kc3 b4+ 40.Kd3 Kb5 41.Ke3 Ra1 42.Rd2 Re1+ 43.Kd3 Rb1
44.Kc2 Rf1 45.Rd7 Rf2+ 46.Kc1 Rxf3 47.Rxg7 Rxb3 48.Rg6 Rf3 49.Rxh6 Kc4 50.Rh8 b3
51.Rc8+ Kd4 52.Rb8 Kxe4 53.Kd2 Rf2+ 54.Kc3 Rxh2 55.Rxb3 Rf2 56.Rb6 Kf5  0-1